000 00919nam a2200289 i 4500
003 EG-GICUC
005 20260416193455.0
008 260416s1868 uk ||||fr|||| 00| 0 eng d
040 _aEG-GiCUC
_beng
_cEG-GiCUC
_dEG-GiCUC
_eRda
082 0 4 _221
_a341.33
_bBE . F
092 0 4 _221
099 _aLaw1 11 341.33 BE . F 1868
100 1 _aBernard, Mountague
_eAuthor.
245 1 0 _aFour Lectures On Subjects Connected With Diplomacy /
_b
_cMountague Bernard.
_n
264 1 _aLondon :
_bMacmillan and Co,
_c1868.
300 _a205page :
_billustration ;
_c 24 cm.
336 _2rda contenu
_a texte
337 _2rda medias
_aOrdinateur
338 _2 transporteur rda
_a Ressource en ligne
504 _a
546 _aText in English
650 1 4 _aPublic international law
_2
651 1 _2
856 4 0 _uhttps://fll.law.cu.edu.eg/fulltext/bks/B11-06506.pdf
905 _a50
942 _2ddc
_cBK
_e21
_n0
999 _c71516
_d71516